000 00884nam a2200289 i 4500
001 6127
003 Mx-PuUPA
005 20250902125207.0
008 140415s1988 mx gr 001 0 spa d
020 _a9686642595
040 _aMx-PuUPA
_bspa
_cMx-PuUPA
_dMx-PuUPA
_erda
041 0 _aspa
100 1 _aIbarrola Jiménez, Javier,
_eautor
245 1 3 _aEl reportaje /
_cJavier Ibarrola J.
250 _aPrimera edición
264 1 _aMéxico, D.F. :
_bEdiciones Gernika,
_c1988
300 _a135 páginas ;
_c21 cm
336 _2rdacontent
_atexto
_btxt
337 _2rdamedia
_asin medio
_bn
338 _2rdacarrier
_avolumen
_bnc
490 0 _aTécnicas periodísticas ;
_v3
490 0 _aT.P. Temas Periodísticos
650 7 _aPeriodismo
_xEnseñanza
_xReportajes
_2armarc
942 _2ddc
_cLI
_h070.43
_iI25
999 _c6127
_d6127